000 01051cac a2200337 i 4500
003 EG-GICUC
005 20260121101552.0
008 791206s1980 mnu fr 001 0 eng d
020 _a0829920749
020 _a9780829920741
040 _aDLC
_cDLC
_dDLC
_dEG-GICUC
_beng
_erda
043 _an-us---
050 0 0 _aKF9618
_b.S24
082 0 0 _a343.3.073
_221
092 0 4 _221
099 _aLaw 10 1980
100 1 _aSaltzburg, Stephen A.
245 1 0 _aAmerican criminal procedure :
_bcases and commentary /
_cby Stephen A. Saltzburg.
264 _aSt. Paul, Minn. :
_bWest Pub. Co.,
_c1980.
300 _alx, 1253 page ;
_c26 cm.
336 _atext
_btxt
_2rdacontent
337 _aunmediated
_bn
_2rdamedia
338 _avolume
_bnc
_2rdacarrier
440 0 _aAmerican casebook series
500 _aKept up to date by annual supplements.
500 _aIncludes index.
650 0 _aCriminal procedure
_zUnited States
_xCases.
856 4 0 _uhttps://fll.law.cu.edu.eg/fulltext/bks/ENGB10-00124.pdf
905 _a10
942 _2ddc
_cBK
_e21
_n0
999 _c53295
_d53295